000 00853nam a2200265 a 4500
001 BRCA_7751
005 20190320205957.0
008 120913s1941----u--a######---#000-0#eng-#
041 _aeng
044 _au
050 4 _aNK2135
_b.T46 1941
100 1 _aThorne, James Ward
_919184
245 1 0 _aHandbook to the American rooms in miniature
_cdesigned and produced by James Ward Thorne and presented by her to the Art Institute of Chicago.
250 _a5
260 _aChicago
_bArt Institute of Chicago
_cc1941
300 _a78 p.
_bil., 37 láminas
_c19 cm.
500 _aVer también U105
500 _aU104
650 1 4 _aDecoración y ornamentación
_zEstados Unidos
_92728
650 1 4 _aMaquetas
_914096
650 1 4 _aGalerías y museos
_zEstados Unidos
_97437
710 2 _aArt Institute (Chicago)
_919185
902 _aGFM
942 _2lcc
_cB
999 _c7425
_d7425